Violence: a bibliography (Record no. 380097)

000 -LEADER
fixed length control field 00398cam a22001337a 4500
008 - FIXED-LENGTH DATA ELEMENTS--GENERAL INFORMATION
fixed length control field 180718b1996 xxu||||| |||| 00| 0 eng d
082 ## - DEWEY DECIMAL CLASSIFICATION NUMBER
Classification number A2:Q811 P192
100 ## - MAIN ENTRY--PERSONAL NAME
Personal name Ramesh Pandit
245 ## - TITLE STATEMENT
Title Violence: a bibliography
Statement of responsibility, etc. by Ramesh Pandit and Prabhash Prasad Singh
260 ## - PUBLICATION, DISTRIBUTION, ETC.
Place of publication, distribution, etc. Jaipur
Name of publisher, distributor, etc. Rawat
Date of publication, distribution, etc. 1996
300 ## - PHYSICAL DESCRIPTION
Extent 227p.
650 ## - SUBJECT ADDED ENTRY--TOPICAL TERM
Topical term or geographic name entry element Violence - India - Bibliography
700 ## - ADDED ENTRY--PERSONAL NAME
Personal name Singh, Prabhash Prasad
Holdings
Withdrawn status Lost status Damaged status Not for loan Permanent Location Current Location Date acquired Full call number Barcode Date last seen Price effective from Koha item type
        Indian Institute of Public Administration Indian Institute of Public Administration 1996-08-16 A2:Q811 P192 71151 2018-07-21 2018-07-21 Book

Powered by Koha